Who's song is this? (No pop music) - Statistics

General Stats
  • This quiz has been taken 94 times
  • The average score is 7 of 34
Answer Stats
Song Title Answer % Correct
Seven Nation Army The White Stripes
73%
Bittersweet Symphony The Verve
69%
We Didn't Start The Fire Billy Joel
57%
Psycho Killer Talking Heads
48%
Personal Jesus Depeche Mode
46%
Loser Beck
40%
Are You Gonna Be My Girl Jet
38%
The Queen Is Dead The Smiths
35%
Hip To Be Square Huey Lewis & The News
30%
Gold On The Ceiling The Black Keys
23%
Black Magic Woman Fleetwood Mac
22%
Love Her Madly The Doors
21%
Alison Elvis Costello
20%
Laid James
17%
Heroin The Velvet Underground
17%
For What It's Worth Buffalo Springfield
16%
Forever In Blue Jeans Neil Diamond
16%
The Age of the Understatement The Last Shadow Puppets
16%
What Became Of The Likely Lads The Libertines
15%
She's Thunderstorms Arctic Monkeys
14%
Life's Been Good Joe Walsh
12%
Lucifer Sam Pink Floyd
9%
Connected Stereo MCs
9%
Stay With Me The Faces
9%
Figure It Out Royal Blood
7%
French Dog Blues Babyshambles
5%
Inhaler Miles Kane
5%
Away From Here The Enemy
5%
Yuko and Hiro Blur
4%
Calm Down Dearest Jamie T
4%
The Roller Beady Eye
2%
Cap in Hand The Proclaimers
2%
Avant Gardener Courtney Barnett
1%
Milk and Honey The Law
0%
No matching quizzes found
Score Distribution
Percent of People with Each Score
Percentile by Number Answered
Your Score History
You have not taken this quiz